Maderas de Costa Rica: 150 especies forestales
Збережено в:
| Автор: | |
|---|---|
| Інші автори: | , |
| Формат: | Книга |
| Опубліковано: |
San José, C.R. : Editorial de la Universidad de Costa Rica
1992
|
| Редагування: | 1 |
| Предмети: | |
| Теги: |
Додати тег
Немає тегів, Будьте першим, хто поставить тег для цього запису!
|
MARC
| LEADER | 00000nam a2200000Ia 4500 | ||
|---|---|---|---|
| 003 | 000287 | ||
| 005 | 20221231143841.0 | ||
| 008 | 140116s1992 c a 000 ||s d | ||
| 040 | |c cru cEDI | ||
| 082 | |2 1 |a 634.97 C298m | ||
| 100 | |a Carpio Malavassi, Isabel María |9 17573 | ||
| 245 | |a Maderas de Costa Rica: 150 especies forestales | ||
| 250 | |a 1 | ||
| 260 | |c 1992 |a San José, C.R. : Editorial de la Universidad de Costa Rica | ||
| 300 | |c 338 páginas todas ilustraciones a color ; 26 cm | ||
| 650 | |x MADERA - COSTA RICA |x ARBOLES MADERABLES |x ANATOMIA DE LA MADERA |x CONSERVACION DE BOSQUES |9 17577 | ||
| 700 | |9 17574 |a Ramírez Villalobos, Adalberto | ||
| 700 | |a Fallas Zamora, Juan Carlos |9 17576 | ||
| 942 | |c TFG | ||
| 999 | |c 13193 |d 13193 | ||
